Statystyki dla Za co płacimy regularnie?

Kliknij tutaj aby rozwiązać quiz!

Ogólne statystyki

  • Ten quiz został rozwiązany 13 razy
  • Średni wynik to 4 z 6

Statystyki odpowiedzi

HintOdpowiedź% Poprawnych
1.Prąd
92%
4.Gaz
85%
6.Internet
69%
5.Wodę
62%
2.Telefon
54%
3.Mieszkanie
31%

Rozkład punktacji

Percentyl według liczby udzielonych odpowiedzi

Procent ludzi z każdym wynikiem

Twoja historia wyników

Nie rozwiązałeś tego quizu